| 000 | 01115nam a2200205Ia 4500 | ||
|---|---|---|---|
| 001 | 18069 | ||
| 003 | GE_BSU | ||
| 008 | 181216s||||||||xx |||||||||||||| ||und|| | ||
| 040 | _cGE_BSU | ||
| 080 | _a811.353.1(058) | ||
| 245 | _aმოამბე. ტ. 4; ნაკვ. 1. აკად. ნ. მარის სახელობის ენის, ისტორიისა და მატერიალური კულტურის ინსტიტუტი | ||
| 245 | _bИзвестия Института языка, истории и материальной культуры им. акад. Н.Я.Марра; | ||
| 245 | _cრედაქტორი სიმონ ჯანაშია. | ||
| 250 | _aსსრკ მეცნიერებათა აკადემიის საქართველოს ფილიალი | ||
| 260 | _aტბილისი | ||
| 260 | _bსსრკ მეცნიერებათა აკადემიის საქართველოს ფილიალი | ||
| 260 | _c1938 | ||
| 300 | _a71 გვ.25სმ. | ||
| 942 | _cBK | ||
| 999 |
_c51112 _d51112 |
||